[Event "XXXII Moglianoscacchi B"]
[Site "Mogliano Veneto ITA"]
[Date "2011.05.01"]
[Round "5"]
[White "Dal Bianco, Nicola"]
[Black "Stradiotto, Angelo"]
[Result "1-0"]
[WhiteElo "1620"]
[BlackElo "1506"]
[PlyCount "149"]
[EventDate "2011.04.29"]

1. c4 Nf6 2. Nc3 c5 3. g3 Nc6 4. Bg2 e6 5. Nf3 Be7 6. O-O O-O 7. d4 d5 8. cxd5
Nxd5 9. Nxd5 exd5 10. dxc5 d4 11. a3 a5 12. Qc2 Qd5 13. Ng5 d3 14. Bxd5 dxc2
15. Be4 h6 16. Nf3 Bg4 17. Bxc2 Bxc5 18. Kg2 Nd4 19. Nxd4 Bxd4 20. f3 Be6 21.
Be4 Bc4 22. Re1 Rfe8 23. e3 Bf6 24. Bc2 Rad8 25. Be4 b6 26. a4 Bd3 27. Bxd3
Rxd3 28. Rb1 Bd4 29. Kf2 Bc5 30. f4 Bb4 31. Re2 Rd1 32. Rc2 Bc5 33. Ke2 Rh1 34.
Kf3 Rf1+ 35. Ke2 Rh1 36. Kf3 Rf1+ 37. Rf2 Rd1 38. Re2 Rf1+ 39. Kg2 Rd1 40. e4
Rg1+ 41. Kf3 Rf1+ 42. Kg4 f5+ 43. Kh5 Kf7 44. e5 g6+ 45. Kh4 Re6 46. b3 Bd4 47.
Rc2 Bc5 48. Ra1 Rh1 49. Raa2 Kg7 50. Ba3 Rc6 51. b4 axb4 52. Bxb4 Rd1 53. a5
g5+ 54. Kh3 g4+ 55. Kh4 Rb1 56. Bxc5 bxc5 57. a6 Rb8 58. Rc4 Ra8 59. a7 Rc7 60.
Ra6 Kf7 61. Rxh6 Raxa7 62. Kg5 Kg7 63. Rg6+ Kh7 64. Kxf5 Ra2 65. Rxg4 Rxh2 66.
Rh4+ Rxh4 67. gxh4 Kg7 68. e6 Kf8 69. Ke5 Ke7 70. f5 Ke8 71. f6 Kf8 72. Kd6 Rh7
73. Kxc5 Ke8 74. Kd6 Re7 75. Rc8# 1-0

[Event "XXXII Moglianoscacchi B"]
[Site "Mogliano Veneto ITA"]
[Date "2011.05.01"]
[Round "5"]
[White "De Marchi, Alessandro"]
[Black "Casagrande, Corrado"]
[Result "0-1"]
[WhiteElo "1693"]
[BlackElo "1770"]
[PlyCount "70"]
[EventDate "2011.04.29"]

1. Nf3 Nf6 2. g3 g6 3. Bg2 Bg7 4. d3 d6 5. c4 O-O 6. Nc3 c6 7. O-O Nbd7 8. Bd2
Re8 9. Rb1 Nh5 10. b4 a6 11. a4 e5 12. Qc1 f5 13. Bg5 Ndf6 14. b5 axb5 15. axb5
Bd7 16. Nh4 Kf7 17. bxc6 Bxc6 18. Nd5 Ra2 19. e4 Bxd5 20. cxd5 Qd7 21. Qc4 Ra4
22. Qb5 Qxb5 23. Rxb5 fxe4 24. Rxb7+ Kf8 25. dxe4 Nxe4 26. Be3 Nhf6 27. Bh3
Nxd5 28. Bd7 Rea8 29. Be6 Ne7 30. f4 Ra1 31. fxe5+ Rxf1+ 32. Kxf1 Bxe5 33. Bh6+
Ke8 34. Nf3 Nc5 35. Rc7 Nxe6 0-1

[Event "XXXII Moglianoscacchi B"]
[Site "Mogliano Veneto ITA"]
[Date "2011.05.01"]
[Round "5"]
[White "Fracasso Pezzolato, Michele"]
[Black "Borghi, Bruno"]
[Result "1-0"]
[WhiteElo "1810"]
[BlackElo "1628"]
[PlyCount "57"]
[EventDate "2011.04.29"]

1. e4 e5 2. Nf3 Nc6 3. Bb5 a6 4. Ba4 Nf6 5. O-O Be7 6. Re1 b5 7. Bb3 O-O 8. h3
d6 9. c3 Na5 10. Bc2 c5 11. d4 Nc6 12. d5 Nb8 13. Nbd2 Re8 14. Nf1 Bf8 15. Ng3
g6 16. a4 bxa4 17. Bxa4 Bd7 18. c4 Bg7 19. Bd2 Bxa4 20. Rxa4 Nbd7 21. Qc2 Nb6
22. Ra3 Nfd7 23. Rea1 Qc8 24. b3 f5 25. exf5 e4 26. Nxe4 Rxe4 27. Qxe4 Bxa1 28.
Qe6+ Kh8 29. Rxa1 1-0

[Event "XXXII Moglianoscacchi B"]
[Site "Mogliano Veneto ITA"]
[Date "2011.05.01"]
[Round "5"]
[White "Losi, Enrico"]
[Black "Caverzan, Marco"]
[Result "0-1"]
[WhiteElo "1634"]
[BlackElo "1558"]
[PlyCount "64"]
[EventDate "2011.04.29"]

1. e4 c5 2. Nf3 d6 3. d4 cxd4 4. Nxd4 Nf6 5. Nc3 a6 6. Bg5 Nc6 7. Bxf6 gxf6 8.
g3 Qb6 9. Nxc6 bxc6 10. Rb1 e6 11. Bg2 d5 12. exd5 cxd5 13. O-O Bb7 14. Qe2 Bd6
15. Bxd5 Bxd5 16. Nxd5 Qc6 17. Nxf6+ Ke7 18. Ne4 Bc7 19. Rfd1 h5 20. h4 f5 21.
Ng5 f4 22. Rd3 fxg3 23. fxg3 Bb6+ 24. Kh2 Rhf8 25. Rf3 Rxf3 26. Nxf3 Rf8 27.
Rf1 Qa4 28. Re1 Qg4 29. Rf1 Bc7 30. Qg2 Rg8 31. Ng5 Qxh4+ 32. Nh3 Rxg3 0-1

[Event "XXXII Moglianoscacchi B"]
[Site "Mogliano Veneto ITA"]
[Date "2011.05.01"]
[Round "5"]
[White "Marangoni, Simone"]
[Black "Losso, Agostino"]
[Result "0-1"]
[WhiteElo "1835"]
[BlackElo "1793"]
[PlyCount "116"]
[EventDate "2011.04.29"]

1. c4 c5 2. Nf3 g6 3. d4 cxd4 4. Qxd4 Nf6 5. Nc3 Nc6 6. Qd1 Bg7 7. e4 d6 8. Bf4
O-O 9. Be2 Qa5 10. O-O Nd7 11. Bd2 Qd8 12. Rb1 Nc5 13. b4 Ne6 14. Be1 Ned4 15.
Nxd4 Nxd4 16. Bd3 f5 17. Ne2 Be6 18. Nxd4 Bxd4 19. exf5 gxf5 20. Qe2 Bd7 21.
Qf3 Bc6 22. Qg3+ Kh8 23. Qh3 Rg8 24. g3 e6 25. Bd2 Qf6 26. Rbe1 Rg7 27. Be3
Rag8 28. b5 Bf3 29. Qh6 Qxh6 30. Bxh6 Rg6 31. Be3 Bc5 32. Bxc5 dxc5 33. Re3 Bg4
34. Rfe1 f4 35. Re5 Rg5 36. Rxg5 Rxg5 37. h4 Rg7 38. Kh2 f3 39. Kg1 Rd7 40. Re3
b6 41. a4 Kg7 42. Kh2 h6 43. Kg1 Kf6 44. Kf1 a6 45. Ke1 axb5 46. axb5 Ra7 47.
Kf1 Ra1+ 48. Re1 Rxe1+ 49. Kxe1 Ke5 50. Kd2 Kd4 51. Bf1 Bf5 52. Kc1 e5 53. Kd2
e4 54. Kd1 e3 55. fxe3+ Kxe3 56. Ke1 f2+ 57. Kd1 Bg4+ 58. Kc2 Be2 0-1

[Event "XXXII Moglianoscacchi B"]
[Site "Mogliano Veneto ITA"]
[Date "2011.05.01"]
[Round "5"]
[White "Megna, Giuseppe"]
[Black "Penzo, Amleto"]
[Result "0-1"]
[WhiteElo "1890"]
[BlackElo "1783"]
[PlyCount "120"]
[EventDate "2011.04.29"]

1. d4 Nf6 2. c4 g6 3. Nc3 Bg7 4. e4 d6 5. f3 O-O 6. Be3 c5 7. dxc5 Qa5 8. cxd6
Rd8 9. Qc1 Rxd6 10. Bd2 Qe5 11. Be3 Qa5 12. Rb1 Nc6 13. a3 e5 14. b4 Qd8 15. c5
Rd7 16. Bg5 a6 17. Bc4 Nd4 18. Nd5 Rb8 19. Ne2 h6 20. Nxd4 hxg5 21. Qxg5 exd4
22. Nb6 Re7 23. Nxc8 Rxc8 24. Bd3 Nd5 25. O-O Ne3 26. Rfc1 Re5 27. Qxd8+ Rxd8
28. c6 b5 29. f4 Re7 30. Kf2 Rc7 31. e5 Rdc8 32. Be4 Nc4 33. Rd1 Nxa3 34. Ra1
Nc4 35. Rxa6 Bf8 36. Rxd4 Bxb4 37. Rd1 Bc3 38. g4 b4 39. Rd6 b3 40. Ke2 b2 41.
Rd1 Nd2 42. Rxd2 Bxd2 43. Kxd2 Rxc6 44. Ra2 Rb6 45. Bc2 b1=Q 46. Bxb1 Rxb1 47.
Kd3 Rf1 48. Ra4 Rf2 49. h4 Rh2 50. h5 gxh5 51. g5 h4 52. Ke3 Rh3+ 53. Ke4 Rhc3
54. Ra6 h3 55. Rh6 Kg7 56. Kd4 R8c4+ 57. Kd5 Rxf4 58. e6 fxe6+ 59. Kxe6 Rc6+
60. Ke5 Rxh6 0-1

[Event "XXXII Moglianoscacchi B"]
[Site "Mogliano Veneto ITA"]
[Date "2011.05.01"]
[Round "5"]
[White "Piccolotto, Giovanni"]
[Black "Bellon, Antonio"]
[Result "0-1"]
[WhiteElo "1727"]
[BlackElo "1744"]
[PlyCount "106"]
[EventDate "2011.04.29"]

1. d4 Nf6 2. c4 g6 3. Nc3 Bg7 4. e4 d6 5. Nf3 O-O 6. Be2 Nbd7 7. h3 e5 8. dxe5
Nxe5 9. Nxe5 dxe5 10. O-O c6 11. Be3 Be6 12. Qc2 Qc7 13. Na4 Nd7 14. Rfd1 f5
15. f3 f4 16. Bc5 Nxc5 17. Nxc5 Qe7 18. Nxe6 Qxe6 19. c5 Kh8 20. Rd6 Qe7 21.
Rad1 Rad8 22. Qb3 Rxd6 23. cxd6 Qd7 24. Bc4 Rf6 25. Qa3 b5 26. Bb3 Bf8 27. Qc5
Bxd6 28. Qxe5 Bxe5 29. Rxd7 Bxb2 30. Kf1 a5 31. h4 a4 32. Rd8+ Kg7 33. Rd7+ Kf8
34. Bc2 Rf7 35. Rd6 Rc7 36. Ke2 Ke7 37. Rd2 Bf6 38. Rd1 c5 39. Rb1 b4 40. Bxa4
Kd6 41. Rc1 c4 42. Rd1+ Ke6 43. h5 Ra7 44. Bb5 Rxa2+ 45. Kf1 Rc2 46. hxg6 hxg6
47. Bd7+ Ke7 48. Bb5 c3 49. Ba4 Ra2 50. Bb3 Rb2 51. Ba4 c2 52. Bxc2 Rxc2 53.
Rb1 Bb2 0-1

[Event "XXXII Moglianoscacchi B"]
[Site "Mogliano Veneto ITA"]
[Date "2011.05.01"]
[Round "5"]
[White "Pietrobon, Mirco"]
[Black "Perissotto, Mario"]
[Result "0-1"]
[WhiteElo "1603"]
[BlackElo "1667"]
[PlyCount "120"]
[EventDate "2011.04.29"]

1. d4 d5 2. c4 e6 3. Nc3 Nf6 4. Nf3 h6 5. e3 Nbd7 6. Bd3 c5 7. O-O cxd4 8. Nxd4
Nc5 9. Be2 Be7 10. b3 O-O 11. Bb2 a6 12. cxd5 exd5 13. Qc2 Be6 14. Rac1 Rc8 15.
Nxe6 fxe6 16. Rfd1 Nce4 17. Qb1 Nxc3 18. Bxc3 Ne4 19. Be1 Ba3 20. Rxc8 Qxc8 21.
Bg4 Qc6 22. Qd3 Nf6 23. Bf3 Be7 24. Qc3 Qxc3 25. Bxc3 Rc8 26. Rd3 Ne4 27. Be1
Rc1 28. Rd1 Rc2 29. Bxe4 dxe4 30. Rd2 Rc1 31. Kf1 Bb4 32. Re2 Ra1 33. g3 Kf7
34. a3 Bxe1 35. Rxe1 Rxa3 36. Rb1 Kf6 37. Rb2 g5 38. Kg2 g4 39. h3 h5 40. h4 b5
41. b4 Ra4 42. Kf1 Ke5 43. Rc2 Rxb4 44. Rc5+ Kf6 45. Rxh5 a5 46. Rh8 a4 47.
Rf8+ Kg7 48. Rf4 Rb1+ 49. Ke2 Rb2+ 50. Kd1 a3 51. Rxg4+ Kh7 52. Kc1 b4 53. Rxe4
b3 54. Rxe6 Rxf2 55. Rb6 Rf1+ 56. Kd2 a2 57. Rb7+ Kh6 58. Rb6+ Kh5 59. Rb5+ Kg4
60. Rxb3 a1=Q 0-1

[Event "XXXII Moglianoscacchi B"]
[Site "Mogliano Veneto ITA"]
[Date "2011.05.01"]
[Round "5"]
[White "Rossi, Gianni"]
[Black "Pisani, Valerio"]
[Result "1/2-1/2"]
[WhiteElo "1827"]
[BlackElo "1714"]
[PlyCount "53"]
[EventDate "2011.04.29"]

1. d4 e6 2. e4 d5 3. Nc3 Nf6 4. Bg5 Be7 5. e5 Nfd7 6. h4 a6 7. f4 h6 8. Bxe7
Qxe7 9. Qg4 Rg8 10. Bd3 Nf8 11. O-O-O Nc6 12. f5 exf5 13. Bxf5 Be6 14. Nge2
O-O-O 15. Nf4 Kb8 16. a3 Na5 17. Rhf1 Nc4 18. Rf3 b5 19. Nd3 Nd7 20. Nb4 Kb7
21. Ncxd5 Bxf5 22. Qxf5 Qxh4 23. e6 fxe6 24. Qxe6 Nd6 25. Ne7 Qg5+ 26. Kb1 Rge8
27. Qd5+ 1/2-1/2

[Event "XXXII Moglianoscacchi B"]
[Site "Mogliano Veneto ITA"]
[Date "2011.05.01"]
[Round "5"]
[White "Stefan, Marco"]
[Black "Pasqualetto, Lorenzo"]
[Result "1-0"]
[WhiteElo "1852"]
[BlackElo "1675"]
[PlyCount "77"]
[EventDate "2011.04.29"]

1. e4 c6 2. d4 d5 3. Nc3 dxe4 4. Nxe4 Bf5 5. Ng3 Bg6 6. Bc4 e6 7. N1e2 Nf6 8.
O-O Nbd7 9. f4 Nb6 10. Bd3 Bxd3 11. Qxd3 Bd6 12. f5 e5 13. Ne4 Nxe4 14. Qxe4
Qe7 15. dxe5 Qxe5 16. Ng3 f6 17. Bf4 Qxe4 18. Nxe4 Bxf4 19. Rxf4 Nd5 20. Rf2 b6
21. Re1 O-O-O 22. c3 Kc7 23. Ng3 Rhe8 24. Rfe2 Rxe2 25. Rxe2 Nf4 26. Rf2 Rd1+
27. Rf1 Rxf1+ 28. Kxf1 Kd6 29. b3 Ke5 30. Kf2 Nd5 31. Ne2 c5 32. g4 b5 33. Kf3
b4 34. cxb4 cxb4 35. h3 g6 36. fxg6 hxg6 37. h4 Nc3 38. h5 Nxe2 39. h6 1-0

[Event "XXXII Moglianoscacchi B"]
[Site "Mogliano Veneto ITA"]
[Date "2011.05.01"]
[Round "5"]
[White "Vastano, Ciro"]
[Black "Tonolo, Maurizio"]
[Result "0-1"]
[WhiteElo "1607"]
[BlackElo "1788"]
[PlyCount "50"]
[EventDate "2011.04.29"]

1. e4 e6 2. d4 d5 3. e5 c5 4. c3 Nc6 5. Nf3 Bd7 6. a3 f6 7. exf6 Nxf6 8. Bd3
Qc7 9. O-O Bd6 10. Re1 O-O-O 11. b4 c4 12. Bc2 h6 13. a4 g5 14. a5 g4 15. b5
gxf3 16. bxc6 Bxh2+ 17. Kf1 fxg2+ 18. Kxg2 Rhg8+ 19. Kf1 Qxc6 20. Ba4 Qd6 21.
Bxd7+ Rxd7 22. Bxh6 Ne4 23. Qf3 Rh7 24. Be3 Rf8 25. Qg2 Ng3+ 0-1

[Event "XXXII Moglianoscacchi B"]
[Site "Mogliano Veneto ITA"]
[Date "2011.05.01"]
[Round "5"]
[White "Viviani, Bruno"]
[Black "Ballarin, Gabriele"]
[Result "0-1"]
[WhiteElo "1701"]
[BlackElo "1825"]
[PlyCount "80"]
[EventDate "2011.04.29"]

1. d4 d6 2. e4 Nf6 3. Nc3 e5 4. dxe5 dxe5 5. Qxd8+ Kxd8 6. Bg5 Be6 7. Nf3 Nbd7
8. a3 c6 9. Rd1 Kc7 10. Bd3 Be7 11. O-O h6 12. Bc1 Ne8 13. b4 f6 14. Nh4 Nf8
15. Nf5 Bd8 16. Ne2 h5 17. c4 g6 18. Ne3 Be7 19. c5 Rd8 20. Bc4 Rxd1 21. Rxd1
b5 22. cxb6+ axb6 23. Bxe6 Nxe6 24. Nc4 Nd6 25. Nxd6 Bxd6 26. Be3 Be7 27. f3
Ra8 28. Rd3 Rd8 29. Nc1 Kb7 30. Rxd8 Bxd8 31. Nd3 Ka6 32. f4 exf4 33. Nxf4 Nxf4
34. Bxf4 Kb5 35. Kf2 Kc4 36. e5 fxe5 37. Bxe5 Kb3 38. Ke3 Be7 39. g4 Kxa3 40.
Bc3 Bxb4 0-1

[Event "XXXII Moglianoscacchi B"]
[Site "Mogliano Veneto ITA"]
[Date "2011.05.01"]
[Round "5"]
[White "Zamengo, Bruno"]
[Black "Banovi, Alit"]
[Result "1/2-1/2"]
[WhiteElo "1890"]
[BlackElo "1865"]
[PlyCount "74"]
[EventDate "2011.04.29"]

1. e4 e6 2. d4 d6 3. c4 c6 4. Nc3 Nf6 5. Nf3 d5 6. e5 Nfd7 7. Bf4 dxc4 8. Bxc4
Nb6 9. Bb3 Nd5 10. Nxd5 exd5 11. O-O Be7 12. Qd3 h6 13. a3 Na6 14. Rfe1 Be6 15.
Ba4 Nc7 16. Be3 Qd7 17. Bc2 g6 18. Qd2 g5 19. Qd3 g4 20. Nd2 h5 21. b4 a6 22.
Nb3 b6 23. Nd2 h4 24. f4 Rh5 25. Rac1 a5 26. Rf1 Bf5 27. Qc3 axb4 28. axb4 Rh6
29. Bxf5 Qxf5 30. Ra1 Rc8 31. Qb3 h3 32. g3 Rh8 33. Ra7 Kd7 34. Rfa1 Ke8 35.
Rb7 Nb5 36. Rxb6 Qd7 37. Rba6 Qb7 1/2-1/2

[Event "XXXII Moglianoscacchi B"]
[Site "Mogliano Veneto ITA"]
[Date "2011.05.01"]
[Round "5"]
[White "Zangrando, Gianpietro"]
[Black "Aprile, Martino"]
[Result "1/2-1/2"]
[WhiteElo "1827"]
[BlackElo "1891"]
[PlyCount "85"]
[EventDate "2011.04.29"]

1. c4 e5 2. Nc3 f5 3. e3 c5 4. g3 Nf6 5. Bg2 Nc6 6. Nge2 d6 7. a3 a6 8. Rb1 Be6
9. d3 Be7 10. Nd5 Bxd5 11. cxd5 Nb8 12. O-O O-O 13. b4 cxb4 14. Rxb4 b5 15. Qb3
Nbd7 16. d4 e4 17. Nf4 Re8 18. Bd2 Nf8 19. Rc1 g5 20. Ne2 Qd7 21. Nc3 Bd8 22.
Qa2 Ba5 23. Rb2 Rec8 24. Bf1 Qf7 25. Rbc2 Rab8 26. Nxe4 Nxe4 27. Bxa5 Rxc2 28.
Rxc2 f4 29. Rc7 Qh5 30. Qc2 fxg3 31. hxg3 Re8 32. Bd3 Nf6 33. Be2 Qh3 34. Bf1
Qh5 35. Be2 Qh3 36. Qc6 Rxe3 37. Bf1 Rxg3+ 38. fxg3 Qxg3+ 39. Bg2 Qe3+ 40. Kh1
Ng4 41. Qxd6 Nf2+ 42. Kh2 Ng4+ 43. Kh1 1/2-1/2